Sports Quiz

Random Sports Quiz

AFL - Premiers, Brownlow & Coleman Medallists Since '00 Quiz Stats

 Plays Quiz not verified by Sporcle

Also try: Big 4 Teams 6 to 1
Challenge
Share
Tweet
Score 0/17 Timer 15:00
0 Plays Today
% Correct
2016
79%
2015
75.2%
2000
71.4%
2014
69.5%
2008
59.6%
2013
59.1%
2001
56.5%
2012
56%
2003
55.8%
% Correct
2010
51.7%
2007
50%
2011
48.1%
2002
47.8%
2009
46.9%
2006
45.7%
2004
43.5%
2005
42.1%

You're not logged in!

Compare scores with friends on all Sporcle quizzes.
OR
Log In

You Might Also Like...

Show Comments

Extras

Top Quizzes Today


Score Distribution

Your Account Isn't Verified!

In order to create a playlist on Sporcle, you need to verify the email address you used during registration. Go to your Sporcle Settings to finish the process.

Report this User

Report this user for behavior that violates our Community Guidelines.

Details: